El aumento de las deducciones personales en el impuesto a las ganancias (Registro nro. 15781)
[ vista simple ]
| 000 -LEADER | |
|---|---|
| fixed length control field | 00383 a2200121 4500 |
| 001 - CONTROL NUMBER | |
| control field | ART_33821 |
| 005 - DATE AND TIME OF LATEST TRANSACTION | |
| control field | 20260410161708.0 |
| 008 - FIXED-LENGTH DATA ELEMENTS--GENERAL INFORMATION | |
| fixed length control field | 260409a |
| 100 1# - MAIN ENTRY--PERSONAL NAME | |
| Personal name | Dreiling, Paola E. |
| 245 10 - TITLE STATEMENT | |
| Title | El aumento de las deducciones personales en el impuesto a las ganancias |
| 700 1# - ADDED ENTRY--PERSONAL NAME | |
| Personal name | Rolando, Félix José |
| 773 0# - HOST ITEM ENTRY | |
| Title | Revista Impuestos |
| Related parts | - Nº 9 (may. 2006) |
| Record control number | REV639 |
No hay ítems disponibles.